| 000 | 01701nam0a2200313 4500 | ||
|---|---|---|---|
| 001 | RU\NLR\b_ik\178348 | ||
| 005 | 20260407203304.0 | ||
| 010 |
_a978-5-8441-0299-8 _91000 |
||
| 035 | _a(NLR Aleph) 002250944 | ||
| 090 |
_a3687681 _c3687681 |
||
| 100 | _a20090615d2009 |||y0rusy50 ca | ||
| 101 | 0 | _aeng | |
| 102 | _aRU | ||
| 105 | _aa ||||||||| | ||
| 200 | 1 |
_aElectromagnetic fields effect on the structure and characteristics of materials _ebook of the International seminar articles, [19-21 May 2009, Institut for machines science of the Russian academy of sciences, Moscow] _fed. by Yu. Baranov [et al.] |
|
| 210 |
_aNovokuznetsk _cSib. state univ. of industry _d2009 |
||
| 215 |
_a379 c. _cил. _d20 |
||
| 300 | _aВ надзаг.: Inst. for machines science of the Russ. acad. of sciences, Sib. state univ. of industry, Advanced materials inst. graduate school at Shenzhen, Tsinghua univ. | ||
| 320 | _aБиблиогр. в конце ст. | ||
| 320 | _aУказ.: с. 378-379 | ||
| 606 | 1 |
_aМеталлы _jСъезды, совещания и т.п. _xВлияние электромагнитного поля _92599602 _3RU\NLR\AUTH\661536160 |
|
| 686 | 1 | _aК209я431(0) | |
| 702 | 1 |
_aBaranov _bJ. V _gJurij Viktorovič _4340 |
|
| 711 | 1 | 2 |
_4070 _8eng _a"Electromagnetic fields effect on the structure and characteristics of materials", international seminar _d2 _f2009 _eMoscow _7ba _3RU\NLR\AUTH\8810135052 _9766087 |
| 801 | 0 |
_aRU _bNLR _c20090615 _gRCR |
|
| 830 | _aВлияние электромагнитных полей на металлы | ||
| 942 | _cBOOK | ||
| 980 | _aNB | ||